Welcome to the mega dome (Record no. 80563)

MARC details
000 -LEADER
fixed length control field 00716cab a22001935a 4500
001 - CONTROL NUMBER
control field L144741
008 - FIXED-LENGTH DATA ELEMENTS--GENERAL INFORMATION
fixed length control field 080807s2008 xxkdo f s 000 0 eng d
035 ## - SYSTEM CONTROL NUMBER
System control number (Sirsi) u144741
041 0# - LANGUAGE CODE
Language code of text/sound track or separate title eng
100 1# - MAIN ENTRY--PERSONAL NAME
Personal name Arminas, David
245 00 - TITLE STATEMENT
Title Welcome to the mega dome
260 ## - PUBLICATION, DISTRIBUTION, ETC.
Date of publication, distribution, etc. 2008
490 ## - SERIES STATEMENT
Series statement Building Service Journal
Volume/sequential designation 30(7) July 2008, 26-30(5)
520 ## - SUMMARY, ETC.
Summary, etc. Looks at the development of Belfast's Victoria Square shopping centre - a modern design that uses various energy saving features to support the mixed-used businesses that tenant the building.
590 ## - LOCAL NOTE (RLIN)
Local note KA
651 #4 - SUBJECT ADDED ENTRY--GEOGRAPHIC NAME
Geographic name England and Wales
Chronological subdivision 1543-
690 ## - LOCAL SUBJECT ADDED ENTRY--TOPICAL TERM (OCLC, RLIN)
Topical term or geographic name as entry element PROPERTY-COMMERCIAL PROPERTY-RETAIL PROPERTY-TOWN CENTRE RETAIL PROPERTY
942 ## - ADDED ENTRY ELEMENTS (KOHA)
Suppress in OPAC 0
Holdings
Withdrawn status Lost status Source of classification or shelving scheme Damaged status Not for loan Home library Current library Shelving location Date acquired Total Checkouts Full call number Barcode Date last seen Copy number Price effective from Koha item type
    Dewey Decimal Classification     London London Journal article 07/08/2008   L144741 144741-1001 06/08/2019 1 06/08/2019 Journal article